Evaluación del servicio en una estética /

সংরক্ষণ করুন:
গ্রন্থ-পঞ্জীর বিবরন
প্রধান লেখক: Ledesma Ramírez, Violeta (autor)
অন্যান্য লেখক: Mora Armenta, Karla Yerania (autor) (autor), Ordóñez Ramírez, Martha Danury (autor) (autor)
বিন্যাস: গবেষণাপত্র গ্রন্থ
ভাষা:স্প্যানিশ
বিষয়গুলি:
ট্যাগগুলো: ট্যাগ যুক্ত করুন
কোনো ট্যাগ নেই, প্রথমজন হিসাবে ট্যাগ করুন!

MARC

LEADER 00000nam^a2200000^a^4500
001 000161904
005 20250521000000.0
009 20260310100815.717
037 |a Acervo ITESO - Biblioteca 
041 |a ESP 
090 |a LAM. 506 
100 |a Ledesma Ramírez, Violeta  |e (autor) 
245 1 0 |a Evaluación del servicio en una estética /  |c V. Ledesma Ramírez, K.Y. Mora Armenta, M.D. Ordóñez Ramírez. 
264 |a Guadalajara, México :  |b edición de autor,  |c 2004 
300 |a 1 disco compacto de computadora 
336 |a datos para computadora  |b cod  |2 rdacontenido 
337 |a computadora  |b c  |2 rdamedio 
338 |a disco de computadora  |b cd  |2 rdasoporte 
502 |a ITESO Tesis de Licenciatura en Administración Area Mercadotecnia 
649 |a XX 
650 |a Clientes 
650 |a Atención al Cliente 
650 |a Salones de Belleza -  |z Guadalajara, Jalisco -  |x Administración 
650 |a Salones de Belleza -  |z Jalisco -  |x Administración 
650 |a Salones de Belleza -  |z México -  |x Administración 
650 |a Sector Servicios -  |z Guadalajara, Jalisco 
650 |a Sector Servicios -  |z Jalisco 
650 |a Sector Servicios -  |z México 
650 |a Prestación del Servicio 
650 |a Comunicación Organizacional 
650 |a Mezcla de Mercadotecnia 
650 |a Calidad en el Servicio 
650 |a Control de Calidad 
650 |a Investigación de Mercado 
650 |a Mercadotecnia de Servicios 
650 |a Ciencias Administrativas 
700 |a Mora Armenta, Karla Yerania  |e (autor) 
700 |a Ordóñez Ramírez, Martha Danury  |e (autor) 
910 |a Fondo General 
920 |a Electrónicos - Tesis del ITESO en Disco 
905 |a 202 
901 |a 0500094974  |b IT2  |c STS  |u 20250521 
902 |a https://opac.biblio.iteso.mx/vufind/Record/000161904